000 00577nam a2200181Ia 4500
003 GCL
008 140319s9999 xx 000 0 ara d
040 _aGCL /
_cGCL
082 0 4 _a813.009
_bص ف
100 1 _aصالح ابواصبع
245 1 0 _aفلسطين فى الرواية العربية /
_cصالح ابواصبع
300 _a248 ص
490 _aسلسلة كتب فلسطينية
_v0
650 0 4 _aالادب العربى
650 0 4 _aالقصص العربية - تاريخ ونقد
650 0 4 _aالقصص العربية - فلسطين
942 _2ddc
_cBK
999 _c47656
_d47656